Catalytic combustion of methane in monoliths and the influence of diffusion barriers /
Guardado en:
| Otros Autores: | |
|---|---|
| Formato: | Manuscrito |
| Idioma: | English |
| Publicado: |
1997.
|
| Materias: | |
| Etiquetas: |
Agregar Etiqueta
Sin Etiquetas, Sea el primero en etiquetar este registro!
|
| LEADER | 01041ntm a22002775a 4500 | ||
|---|---|---|---|
| 001 | EIQ.libpla002637 | ||
| 008 | 070712s1997####enka#####bm###000#0#eng#d | ||
| 005 | 20070723144451.0 | ||
| 245 | 1 | 0 | |a Catalytic combustion of methane in monoliths and the influence of diffusion barriers / |c by Paul King Chung Li. |
| 260 | |c 1997. | ||
| 300 | |a xxiii, 248, [102] h. : |b il., tablas, figuras ; |c 30 cm. | ||
| 502 | |a Tesis (doctorado)-- University of Bath. | ||
| 500 | |a Director de tesis: Prof. S T Kolaczkowski. | ||
| 504 | |a Incluye referencias bibliográficas. | ||
| 100 | 1 | |a Li, Paul King Chung. |4 dis | |
| 710 | 2 | |a University of Bath |4 dgg. | |
| 650 | 4 | |a Reactores |x Tesis. | |
| 650 | 4 | |a Reactores |x Combustión. | |
| 650 | 4 | |a Reactores |x Metano. | |
| 650 | 4 | |a Química física |x Materiales compuestos. | |
| 650 | 4 | |a Reactors |x Thesis. | |
| 650 | 4 | |a Reactors |x Combustion. | |
| 650 | 4 | |a Reactors |x Methane. | |
| 650 | 4 | |a Physical chemistry |x Composite materials. | |
| 040 | |a AR-BbSID |b spa |c AR-BbSID | ||
| 859 | |a AR-BbSID |b BIB. PLAPIQUI |h 660.299 5 |i L 61 |p 5316 | ||
